Normal view MARC view
  • Kaden R.J., Linda G. & Levinson J.C

Entry Personal Name

Number of records used in: 1

001 - CONTROL NUMBER

  • control field: 191613

003 - CONTROL NUMBER IDENTIFIER

  • control field: OSt

005 - DATE AND TIME OF LATEST TRANSACTION

  • control field: 20230714213649.0

008 - FIXED-LENGTH DATA ELEMENTS

  • fixed length control field: 230714|| aca||aabn | a|a d

040 ## - CATALOGING SOURCE

  • Original cataloging agency: OSt
  • Transcribing agency: OSt

100 ## - HEADING--PERSONAL NAME

  • Personal name: Kaden R.J., Linda G. & Levinson J.C

670 ## - SOURCE DATA FOUND

  • Source citation: Work cat.: (OSt)201684: Kaden R.J. 174551, More Guerrilla Marketing Research:, 2010